000 00756cam a2200253 4500
001 19249
003 BD-RjUL
005 20211209000415.0
008 140223r19501942nyu b 00110 engd
035 _a(BD-RjUL)19307
040 _cCtY
_dCtY
_aBD-RjUL
_beng
041 _aeng
082 _a821.09
_bFAR
090 _a753
_bF
100 1 _aFairchild, Hoxie Neale,
_d1894-
_958485
245 1 0 _aReligious trends in English poetry :
_cHoxie Neale Fairchild /
_nVolume II
260 _aNew York :
_bColumbia University Press,
_c1942 [reprinted 1950]
300 _a406 p. ;
_c24 cm.
650 0 _aReligion in literature.
_955235
650 0 _aEnglish poetry
_xHistory and criticism.
_954587
942 _2ddc
_cBK
999 _c19249
_d19249